000 00932nac a22002777a 4500
001 BR8701302
003 BR-BrBNA
005 20240105120453.0
008 230509b bl.|||m| |||| 00| 0 por d
040 _aBR-BrBNA
_bpor
_cBiblioteca Nacional de Agricultura
072 _aF30
090 _a2480 BR8701302
100 1 _aAlves, V.M.C.
100 1 _aCarmo, C.A.F.S. do
110 1 _aEmpresa de Pesquisa Agropecuaria de Minas Gerais, Belo Horizonte (Brasil)
245 1 _aComportamento preliminar de clones de seringueira na zona da Mata
260 3 _aBelo Horizonte, MG (Brasil):
_c1985.
300 _a1 p.
490 _aPesquisando - Empresa de Pesquisa Agropecuaria de Minas Gerais (Brazil)
_vno. 136
_xISSN 0101-2164
650 _aSERINGUEIRA
650 _aVARIACAO CLONAL
650 _aCOMPETICAO DE VARIEDADE
650 _aMINAS GERAIS
909 _a202312
_bLúcia Elande
_c55
_dLúcia Elande
942 _2AGRIS
_n0
_cMS
999 _c279611
_d279611